Специфика преподавания РКИ в цифровую эпоху: монография; Часть 1. Уровень А1

Podrobná bibliografie
Hlavní autor: Лёвина Г. М. Галина Михайловна
Shrnutí:В отличие от традиционных пособий по методике, которые рассматривают общие вопросы в преподавании иностранных языков, настоящее издание описывает те специфические моменты, с которыми столкнутся и иностранцы, и преподаватели в процессе изучения и преподавания именно русского языка. Монография предназначена студентам магистратуры, обучающимся по направлению подготовки 45.04.02 "Лингвистика" (профиль "Теория и методика преподавания иностранных языков и культур"), молодым преподавателям, делающим первые шаги в обучении иностранцев русскому языку. Также издание будет полезно российским аспирантам, изучающим методику преподавания русского языка как иностранного.
Jazyk:ruština
Vydáno: Саратов, Ай Пи Эр Медиа, 2019
Edice:Русский как иностранный
Témata:
Médium: MixedMaterials Kniha
KOHA link:https://koha.lib.tpu.ru/cgi-bin/koha/opac-detail.pl?biblionumber=343051

MARC

LEADER 00000nam0a2200000 4500
001 343051
005 20231102005522.0
010 |a 9785448605994 
035 |a (RuTPU)RU\TPU\book\372802 
090 |a 343051 
100 |a 20190619d2019 k y0rusy50 ca 
101 0 |a rus 
102 |a RU 
105 |a a z 000zy 
200 1 |a Специфика преподавания РКИ в цифровую эпоху  |h Часть 1. Уровень А1  |e монография  |f Г. М. Лёвина 
210 |a Саратов  |c Ай Пи Эр Медиа  |d 2019 
215 |a 180 с.  |c ил. 
225 1 |a Русский как иностранный 
330 |a В отличие от традиционных пособий по методике, которые рассматривают общие вопросы в преподавании иностранных языков, настоящее издание описывает те специфические моменты, с которыми столкнутся и иностранцы, и преподаватели в процессе изучения и преподавания именно русского языка. Монография предназначена студентам магистратуры, обучающимся по направлению подготовки 45.04.02 "Лингвистика" (профиль "Теория и методика преподавания иностранных языков и культур"), молодым преподавателям, делающим первые шаги в обучении иностранцев русскому языку. Также издание будет полезно российским аспирантам, изучающим методику преподавания русского языка как иностранного. 
606 1 |a Русский язык  |x Для других народов  |x Учебные руководства и пособия  |2 stltpush  |3 (RuTPU)RU\TPU\subj\26400  |9 50340 
606 1 |a Русский язык  |x Методика преподавания  |2 stltpush  |3 (RuTPU)RU\TPU\subj\68771  |9 83929 
610 1 |a русский язык для иностранцев 
610 1 |a русский язык как иностранный 
610 1 |a преподавание 
610 1 |a обучение 
610 1 |a методики 
610 1 |a чтение 
610 1 |a говорение 
610 1 |a аудирование 
610 1 |a письмо 
610 1 |a грамматика 
610 1 |a письменная речь 
610 1 |a монографии 
686 |a Ш141.2-96  |v LBC/SL-A  |2 rubbk 
686 |a Ш141.2-91  |v LBC/SL-A  |2 rubbk 
700 1 |a Лёвина  |b Г. М.  |g Галина Михайловна 
801 1 |a RU  |b 63413507  |c 20190619 
801 2 |a RU  |b 63413507  |c 20190902  |g RCR 
942 |c BK 
959 |a 6/20190619  |d 1  |e 840,00  |f ЧЗГЛ:1